<?xml version="1.0" encoding="UTF-8"?>
<record
    xmlns:xsi="http://www.w3.org/2001/XMLSchema-instance"
    xsi:schemaLocation="http://www.loc.gov/MARC21/slim http://www.loc.gov/standards/marcxml/schema/MARC21slim.xsd"
    xmlns="http://www.loc.gov/MARC21/slim">

  <leader>09269nam a2200517 i 4500</leader>
  <controlfield tag="001">112131</controlfield>
  <controlfield tag="003">FINmELB</controlfield>
  <controlfield tag="005">20241217174316.0</controlfield>
  <controlfield tag="006">m     o  d |      </controlfield>
  <controlfield tag="007">cr cnu||||||||</controlfield>
  <controlfield tag="008">210622s2019    sp      ob    000 0 spa d</controlfield>
  <datafield tag="020" ind1=" " ind2=" ">
    <subfield code="a">9789588943527</subfield>
    <subfield code="q">(e-book)</subfield>
  </datafield>
  <datafield tag="035" ind1=" " ind2=" ">
    <subfield code="a">(OCoLC)1261028586</subfield>
  </datafield>
  <datafield tag="040" ind1=" " ind2=" ">
    <subfield code="a">FINmELB</subfield>
    <subfield code="b">spa</subfield>
    <subfield code="e">rda</subfield>
    <subfield code="c">FINmELB</subfield>
  </datafield>
  <datafield tag="050" ind1=" " ind2="4">
    <subfield code="a">HM263</subfield>
    <subfield code="b">.P673 2019</subfield>
  </datafield>
  <datafield tag="080" ind1=" " ind2=" ">
    <subfield code="a">659.1</subfield>
  </datafield>
  <datafield tag="082" ind1="0" ind2="4">
    <subfield code="a">303.375</subfield>
    <subfield code="2">23</subfield>
  </datafield>
  <datafield tag="245" ind1="0" ind2="0">
    <subfield code="a">Popaganda :</subfield>
    <subfield code="b">el fracaso institucional y el triunfo de nadie /</subfield>
    <subfield code="c">Juan Diego L&#xF3;pez Medina, Julio C&#xE9;sar R&#xED;os Valderrama, Johan Manuel Quintero Restrepo, Natalia Bustamante Osorio.</subfield>
  </datafield>
  <datafield tag="264" ind1=" " ind2="1">
    <subfield code="a">Medell&#xED;n :</subfield>
    <subfield code="b">Universidad Cat&#xF3;lica Luis Amig&#xF3;,</subfield>
    <subfield code="c">2019.</subfield>
  </datafield>
  <datafield tag="300" ind1=" " ind2=" ">
    <subfield code="a">1 recurso en l&#xED;nea (262 p&#xE1;ginas)</subfield>
  </datafield>
  <datafield tag="336" ind1=" " ind2=" ">
    <subfield code="a">texto</subfield>
    <subfield code="b">txt</subfield>
    <subfield code="2">rdacontent/spa</subfield>
  </datafield>
  <datafield tag="337" ind1=" " ind2=" ">
    <subfield code="a">computadora</subfield>
    <subfield code="b">c</subfield>
    <subfield code="2">rdamedia/spa</subfield>
  </datafield>
  <datafield tag="338" ind1=" " ind2=" ">
    <subfield code="a">recurso en l&#xED;nea</subfield>
    <subfield code="b">cr</subfield>
    <subfield code="2">rdacarrier/spa</subfield>
  </datafield>
  <datafield tag="504" ind1=" " ind2=" ">
    <subfield code="a">Incluye referencias.</subfield>
  </datafield>
  <datafield tag="505" ind1="0" ind2=" ">
    <subfield code="a">P&#xC1;GINA LEGAL -- &#xCD;NDICE GENERAL -- LISTA DE TABLAS -- TABLA 1: RELACI&#xD3;N ENTRE SUBSISTEMAS E (...) -- TABLA 2: RELACI&#xD3;N ENTRE SUBSISTEMAS Y CRISIS -- TABLA 3: APOYO DE EE. UU. A FUERZAS POL&#xCD;TICO-MILITARES EN OTROS (...) -- TABLA 4: TIPOS DE ADAPTACI&#xD3;N CULTURAL SEG&#xDA;N ROBERT (...) -- TABLA 5: PROPAGANDA NEGRA, BLANCA Y FUCSIA -- LISTA DE FIGURAS -- FIGURA 1: P&#xD3;STER &#xBF;TE HAS INCORPORADO COMO (...) -- FIGURA 2: P&#xD3;STER DEBES TRABAJAR CON UN RIFLE A (...) -- FIGURA 3: P&#xD3;STER &#xA1;DEBEMOS CUMPLIR TODO LO QUE EL PARTIDO HA (...) -- FIGURA 4: P&#xD3;STER ESPERANZA -- FIGURA 5: ENTRE MIS AMIGOS, LOS MEJORES PRESIDENTES. DONALD TRUMP (...) -- FIGURA 6: RETRATO PRESIDENCIAL -- FIGURA 7: LA IMAGEN DEL PRESIDENTE SUIZO QUE SE HIZO (...) -- FIGURA 8: THOMAS CARLYLE -- FIGURA 9: PERSONAJES HEROICOS EN EL CINE (...) -- FIGURA 10: P&#xD3;STER GENTE DE TODOS LOS PA&#xCD;SES, NACIONALIDADES Y (...) -- FIGURA 11: CICLO DE LUCRO MUTUO -- FIGURA 12: INTERCONEXI&#xD3;N (TRANSMEDIACI&#xD3;N) DE CICLOS DE (...) -- FIGURA 13: T&#xC1;CTICAS DE MANIPULACI&#xD3;N MEDI&#xC1;TICA -- FIGURA 14: P&#xD3;STER PREPARADOS CONSTANTEMENTE PARA DEFENDER LAS (...) -- FIGURA 15: VOLANTE, PARTIDO CENTRO DEMOCR&#xC1;TICO -- FIGURA 16: LA CREATIVIDAD DE LOS POL&#xCD;TICOS REGIONALES, (...) -- FIGURA 17: PASACALLE, PARTIDO CAMBIO RADICAL -- FIGURA 18: EVENTO, PARTIDO LIBERAL -- FIGURA 19: PAULINA VEGA, LA MISS UNIVERSO (...) -- FIGURA 20: PUBLICIDAD POL&#xCD;TICA DEL PRESIDENTE DE (...) -- FIGURA 21: OPORTUNIDAD DE INTERVENCI&#xD3;N A UNA IMAGEN -- FIGURA 22: CONCENTRACI&#xD3;N EN ESPACIO P&#xDA;BLICO, PARTIDO (...) -- FIGURA 23: PASACALLES, PARTIDO DE LA UNI&#xD3;N NACIONAL (ADELANTE) Y PEND&#xD3;N (ATR&#xC1;S) (...) -- FIGURA 24: VOLANTE, PARTIDO VERDE -- FIGURA 25: ARGUMENTOS RELATIVOS A PROPAGANDA Y EDUCACI&#xD3;N, (...) -- FIGURA 26: PUBLICIDAD POL&#xCD;TICA, PARTIDO VERDE -- FIGURA 27: COMPETENCIA DE PUBLICIDAD POL&#xCD;TICA, (...) -- FIGURA 28: PUBLICIDAD POL&#xCD;TICA, ADHESIVO, PARTIDO -- FIGURA 29: PUBLICIDAD POL&#xCD;TICA, MURAL, PARTIDO (...) -- FIGURA 30: PUBLICIDAD POL&#xCD;TICA, BACKING MURAL, (...) -- FIGURA 31: DETERMINANTES PREPOL&#xCD;TICOS DEL SISTEMA (...) -- FIGURA 32: JAMES MARSHALL HENDRIX: SOLDADO VICIOSO, (...) -- FIGURA 33: MARADONIANOS -- FIGURA 34: PROPUESTAS DE USUARIOS PARA COMPLETAR LA -- FIGURA 35: TIPOS DE PODER -- FIGURA 36: CADENA DE RELACIONES DE PODER -- FIGURA 37: P&#xD3;STER CONMEMORATIVO UNI&#xD3;N. NACE EN (...) -- FIGURA 38: TRANSINSTITUCIONALIDAD -- FIGURA 39. CARTEL PODERA LOS SOVI&#xC9;TICOS Y NO HAY PODER (...) -- FIGURA 40: USO DE SUCESOS POL&#xCD;TICOS COMO T&#xC1;CTICA PARA EL (...) -- FIGURA 41: DESINFORMACI&#xD3;N EN REDES SOCIALES -- FIGURA 42: ESTRUCTURAS DE COMUNICACI&#xD3;N INSTITUCIONALIZADA Y (...) -- FIGURA 43: TURBA: SIN CRITERIO NI IDENTIDAD -- FIGURA 44: MANIPULACI&#xD3;N DE IM&#xC1;GENES PARA CREAR MEMES (...) -- FIGURA 45: RELACI&#xD3;N DE ADAPTACI&#xD3;N O RECHAZO (...) -- FIGURA 46: POL&#xCD;TICAMENTE CORRECTO -- FIGURA 47: EL FRANCO FRANC&#xC9;S -- FIGURA 48. INTOLERANCIA EN REDES -- FIGURA 49: ALCALDE DESAPARECIDO -- LISTA DE MEMES -- MEME 1: IDENTIDAD DE G&#xC9;NERO POL&#xCD;TICO, PROGREF&#xD3;BICOS -- MEME 2: UN MAN DE QUINTA, UN MANTECO -- MEME 3: REVOCATORIA DE MANDATO -- MEME 4: JOS&#xC9; MANUEL VEL&#xC1;SQUEZ -- MEME 5: MI VIDA NO TIENE SENTIDO -- MEME 6: SEGURO EST&#xC1; PENSANDO EN OTRA -- MEME 7: NO QUIERO TU PIROPO -- MEME 8: TRANSMART -- MEME 9: METALERO ARREPENTIDO -- MEME 10: TREMENDA BANDA -- MEME 11: BANDA PROHIBIDA -- MEME 12: HOGUERA MEDI&#xC1;TICA -- MEME 13: NO A MURDOCK EN COLOMBIA -- MEME 14: OBAMA VS. TRUMP -- MEME 15: TRUMP -- MEME 16: STOP TWEETING -- MEME 17: LOS VOTANTES M&#xC1;S TONTOS -- MEME 18: NOVEDOSO CEPILLO -- MEME 19: HACER DEPORTE -- MEME 20: LOS LAGARTOS -- MEME 21: LOS LADRONES NO LEEN -- MEME 22: IV&#xC1;N DUQUE ES SU PRESIDENTE -- MEME 23: ...QUE LO QUIERE MUCHO -- MEME 24: URIBE TE QUIERE BASTANTE! -- MEME 25: 10 MILLONES DE GILIPOLLAS -- MEME 26: SALUDES DE SU ESPOSO -- MEME 27: CIZA&#xD1;ERO -- MEME 28: Y ENTONCES LE DIJO  -- MEME 29: SALUDOS DE POPEYE -- MEME 30: SE QUEBR&#xD3; UNA COSTILLA -- MEME 31: PONTE EN SUS ZAPATOS -- MEME 32: ENRIQUE NO CONTESTA -- MEME 33: KIKE (ELIF) -- MEME 34: VERSI&#xD3;N KONRAD LORENZ -- MEME 35: HOLA PERDIDO -- MEME 36: 2 HORAS LUEGO DEL BROWNIE -- MEME 37: LOCOS CON LINTERNAS -- MEME 38: ABRAZO PRESIDENCIAL -- MEME 39: ANTROPOFAGIA -- MEME 40: DOCTORADO EN CIENCIAS AMBIENTALES Y (...) -- MEME 41: BUSCANDO EL DOCTORADO -- MEME 42: GAVIOTA VS. STARBUCKS&#xAE; -- MEME 43: RAPIPAPA&#xAE; -- MEME 44: FRONTERAS -- MEME 45: CAPIT&#xC1;N ESTADOS UNIDOS -- MEME 46: MALOS RESULTADOS ICFES -- MEME 47: NOVIO MARXISTA -- MEME 48: LOGROS MARXISTAS -- MEME 49: SUCCESSFUL BRANDING -- MEME 50: TROMPETISTA -- MEME 51: PETRISTES -- MEME 52: LAS MISMAS RATAS -- MEME 53: PETRISTAS Y PETRISTOS -- MEME 54: NOS VAMOS A CAER BIEN -- MEME 55: DOLOR AJENO -- MEME 56: ARROBA -- MEME 57: JES&#xDA;S ROCKERO -- MEME 58: TOM ARAYA -- MEME 59: SU OPINI&#xD3;N VALE V**GA -- MEME 60: EMPLEADO DEL MES -- MEME 61: CHAT -- MEME 62: CAJERO AUTOM&#xC1;TICO -- MEME 63: LUCHA POR LA EDUCACI&#xD3;N P&#xDA;BLICA -- MEME 64: TURISMO SEXUAL -- MEME 65: VOTANDO POR EL HACHA -- MEME 66: CONFABULACI&#xD3;N -- MEME 67: URIBE ES COLOMBIA -- MEME 68: SEA CONSECUENTE CON LO QUE PREDICA -- MEME 69: NO NOS OBLIGUEN A ROBAR -- MEME 70: SEGUNDO PUESTO -- MEME 71: NEONAZIS -- MEME 72: MUY BUENO  -- MEME 73: EXPROPIADO -- MEME 74: SIN NOMBRAR A URIBE -- MEME 75: POL&#xCD;TICOS DE FACEBOOK&#xAE; -- MEME 76: DE LAS GRE&#xD1;AS -- MEME 77: LO DESTACAN POR PILO  -- MEME 78: D&#xCD;A DEL JUICIO FINAL -- MEME 79: PILOTO INFARTADO -- MEME 80: LAS MISMAS RATAS -- MEME 81: SEGUIREMOS EN SUIZA -- MEME 82: T&#xDA; DECIDES -- MEME 83: AUTORES INTELECTUALES -- MEME 84: CARA DE PETRISTA -- MEME 85: PLAN DE GOBIERNO -- MEME 86: MEGALADR&#xD3;N -- MEME 87: TAL VEZ ME RECUERDEN -- MEME 88: AL MENOS NO ALUCIN&#xC9; -- MEME 89: MOCKUS EN SU SITIO -- MEME 90: MOCKUS LIMPIO -- MEME 91: HUMILLADA POR UN SENADOR -- MEME 92: CES&#xD3; LA HORRIBLE NOCHE -- MEME 93: AH&#xCD; LE DEJO -- MEME 94: ES MERENGUE, NO MERENGUE -- MEME 95: FAJARDING -- MEME 96: UN D&#xCD;A SER&#xC1;S UN HOMBRE -- MEME 97: DESPRESTIGIAR LA IMAGEN -- MEME 98: ESCALA PARACA -- MEME 99: CORTE AUC -- MEME 100: PETRISTAS Y PETRISTOS -- MEME 101: VLADINAL TRUTIN -- MEME 102: LUBE -- MEME 103: COQUETOS -- MEME 104: SE LOS DIJE -- MEME 105: CLASE DE HISTORIA -- MEME 106: PUT IN -- PR&#xD3;LOGO -- PRESENTACI&#xD3;N -- ASPECTOS TE&#xD3;RICOS -- DESARROLLO DEL TEXTO -- HISTORIA Y ESTRATEGIA DE PROPAGANDA -- CAMPO DE ESTUDIO -- BREVE HISTORIA -- PERSUASI&#xD3;N Y ESTRATEGIAS -- PROPAGANDA DE GUERRA -- INTRODUCCI&#xD3;N A LA PUBLICIDAD POL&#xCD;TICA Y LA PROPAGANDA (...) -- CONCEPTOS RELATIVOS A LA PROPAGANDA -- NACI&#xD3;N Y ESTADO -- &#xC9;TICA -- VERDAD -- LIBERTAD -- IDENTIDAD -- IGUALDAD Y EQUIDAD -- EL PODER TIRAN&#xCD;A Y LAS LEYES -- PROPAGANDA Y SOCIEDAD -- INSTITUCIONALIDAD -- PROPAGANDA MODERNA -- PRENSA, COMUNICACI&#xD3;N Y CONSUMO -- OPINI&#xD3;N P&#xDA;BLICA -- POPAGANDA -- PROSUMIDORES -- CULTURA POP Y SU INCIDENCIA EN LA PROPAGANDA -- POPAGANDISTAS -- PROPAGANDA FUCSIA -- MONTAJES + MENTIRAS + MAQUILLAJES + MOFAS = MEMES -- GUSTAVO PETRO -- CAUSAS POL&#xCD;TICAS -- MARDUK -- DONALD TRUMP -- IV&#xC1;N DUQUE -- ENRIQUE PE&#xD1;ALOSA -- SOBERAN&#xCD;A Y MARCAS -- MOVIMIENTOS O PARTIDOS POL&#xCD;TICOS -- OPINI&#xD3;N Y OPINI&#xD3;N P&#xDA;BLICA -- ALBERTO CARRASQUILLA -- ANTANAS MOCKUS -- JUAN MANUEL SANTOS -- SERGIO FAJARDO -- &#xC1;LVARO URIBE -- GEOPOL&#xCD;TICA -- VLADIMIR PUTIN -- CONSIDERACIONES FINALES -- REFERENCIAS.</subfield>
  </datafield>
  <datafield tag="588" ind1=" " ind2=" ">
    <subfield code="a">Descripci&#xF3;n basada en metadatos suministrados por el editor y otras fuentes.</subfield>
  </datafield>
  <datafield tag="590" ind1=" " ind2=" ">
    <subfield code="a">Recurso electr&#xF3;nico. Santa Fe, Arg.: elibro, 2021. Disponible v&#xED;a World Wide Web. El acceso puede estar limitado para las bibliotecas afiliadas a elibro.</subfield>
  </datafield>
  <datafield tag="650" ind1=" " ind2="4">
    <subfield code="a">Comunicaci&#xF3;n en pol&#xED;tica.</subfield>
  </datafield>
  <datafield tag="650" ind1=" " ind2="0">
    <subfield code="a">Public opinion.</subfield>
  </datafield>
  <datafield tag="650" ind1=" " ind2="0">
    <subfield code="a">Propaganda.</subfield>
  </datafield>
  <datafield tag="650" ind1=" " ind2="0">
    <subfield code="a">Communication in politics.</subfield>
  </datafield>
  <datafield tag="650" ind1=" " ind2="0">
    <subfield code="a">Advertising, Political.</subfield>
  </datafield>
  <datafield tag="650" ind1=" " ind2="4">
    <subfield code="a">Publicidad pol&#xED;tica.</subfield>
  </datafield>
  <datafield tag="650" ind1=" " ind2="4">
    <subfield code="a">Propaganda.</subfield>
  </datafield>
  <datafield tag="650" ind1=" " ind2="4">
    <subfield code="a">Opini&#xF3;n p&#xFA;blica.</subfield>
  </datafield>
  <datafield tag="655" ind1=" " ind2="4">
    <subfield code="a">Libros electr&#xF3;nicos.</subfield>
  </datafield>
  <datafield tag="700" ind1="1" ind2=" ">
    <subfield code="a">Bustamante Osorio, Natalia,</subfield>
    <subfield code="e">autor.</subfield>
  </datafield>
  <datafield tag="700" ind1="1" ind2=" ">
    <subfield code="a">L&#xF3;pez Medina, Juan Diego,</subfield>
    <subfield code="e">autor.</subfield>
  </datafield>
  <datafield tag="700" ind1="1" ind2=" ">
    <subfield code="a">Quintero Restrepo, Johan Manuel,</subfield>
    <subfield code="e">autor.</subfield>
  </datafield>
  <datafield tag="700" ind1="1" ind2=" ">
    <subfield code="a">R&#xED;os Valderrama, Julio C&#xE9;sar,</subfield>
    <subfield code="e">autor.</subfield>
  </datafield>
  <datafield tag="797" ind1="2" ind2=" ">
    <subfield code="a">elibro, Corp.</subfield>
  </datafield>
  <datafield tag="856" ind1="4" ind2="0">
    <subfield code="u">https://elibro.net/ereader/politecnicointernacional/126359</subfield>
  </datafield>
  <datafield tag="999" ind1=" " ind2=" ">
    <subfield code="c">112131</subfield>
    <subfield code="d">112131</subfield>
  </datafield>
</record>
